| 000 | 00753nam a2200229Ia 4500 | ||
|---|---|---|---|
| 005 | 20220704152525.0 | ||
| 008 | 131103s9999 xx 000 0 und d | ||
| 020 |
_a521004683 _cRs 975 |
||
| 040 | _aLoreto College | ||
| 041 | _aEnglish | ||
| 082 |
_a304.6 _bMAC |
||
| 245 |
_aHuman Population dynamics _b Cross-Disciplinary Perspectives _cEdited by Helen Macbeth and Paul Collinson |
||
| 260 |
_aCambridge _bCambridge University Press _c2002 |
||
| 300 | _axvi,224p, graphs,charts, tables 22.5 cm. | ||
| 440 | _aBiosocial Society Symposium Series | ||
| 504 | _aIncludes bibliographical references, glossary and index | ||
| 650 | _aAnthropology | ||
| 651 | _aHuman Population | ||
| 700 | _aMacbeth, Helen, ed | ||
| 850 | _aLCLIB | ||
| 942 | _cBK | ||
| 999 |
_c2425 _d52904 |
||